[Event "Sachsen-Anhalt-ch op"]
[Site "Magdeburg"]
[Date "2022.10.30"]
[Round "4"]
[White "Morczynski, Ryszard"]
[Black "Kuehne, Juergen"]
[Result "1-0"]
[WhiteElo "1134"]
[BlackElo "1598"]
[PlyCount "100"]
[EventDate "2022.10.29"]
[EventType "swiss"]
[EventRounds "7"]
[EventCountry "GER"]
[SourceTitle "CBM 211 Extra"]
[Source "ChessBase"]
[SourceDate "2023.01.31"]
[SourceVersion "1"]
[SourceVersionDate "2023.01.31"]
[SourceQuality "1"]

1. e4 c5 2. d4 cxd4 3. c3 dxc3 4. Nxc3 Nc6 5. Bc4 e6 6. Nf3 Bb4 7. 0-0 Bxc3 8. bxc3 Nge7 9. Qe2 0-0 10. Rd1 Qc7 11. e5 Ng6 12. Re1 Na5 13. Bd3 b6 14. Bd2 Bb7 15. Rac1 Bxf3 16. gxf3 Nc6 17. f4 d6 18. exd6 Qxd6 19. Bxg6 hxg6 20. Rcd1 Qa3 21. Ra1 Rfe8 22. Qf3 Nd4 23. Qd3 Nf5 24. Bc1 Qc5 25. a4 Qc6 26. f3 Rac8 27. Bd2 Red8 28. Qe2 Rd6 29. a5 Rcd8 30. Red1 Nh4 31. Kf2 Rd3 32. Be3 Rxd1 33. Rxd1 Rxd1 34. Qxd1 Qxc3 35. Qd8+ Kh7 36. Qxh4+ Kg8 37. Qd8+ Kh7 38. axb6 axb6 39. Qxb6 Qf6 40. Kg3 Qf5 41. Qd4 f6 42. h4 Qa5 43. Qd6 Qa2 44. Bc5 f5 45. Qc7 Qc2 46. Qe5 Qb3 47. Bd4 Qb7 48. Qxe6 Qb8 49. h5 gxh5 50. Qxf5+ Kh6 1-0